00569 2200217 4500001002100000005001500021035002500036006001800061008004100079020002200120090001400142100002100156245003000177260004100207700001700248082000800265084001400273300003000287990001700317990001700334INLIS00000000000844320230720115432 a0010-081300000000080a ||| |230720 |  a978-979-29-1370-5 a920 YUA t0 aKumara Ari Yuana1 aTHE GREATEST PHILOSOPHERS aYogyakarta :bC.V ANDI OFFSET,c20100 aNikodemus WK a920 a920 YUA t axiv + 394 hlm; 19 x 23 cm a8609/PN/2013 a8965/PN/2013